Isolated Capitals By Country Quiz Stats

 Plays Quiz Updated Dec 14, 2018

Challenge
Share
Tweet
Embed
Score 0/24 Timer 05:00
0 Plays Today
Country % Correct
Australia
90.9%
New Zealand
84.4%
Brazil
81.3%
Mexico
77.6%
Japan
71.6%
Chile
68.1%
Iceland
66.9%
Mongolia
65.4%
Peru
51.7%
Philippines
50.5%
Seychelles
44.1%
Tuvalu
43.8%
Country % Correct
Vanuatu
43.8%
Micronesia
43.5%
Palau
42.8%
Solomon Islands
41.9%
Papua New Guinea
39.9%
Bolivia
38.8%
Mauritius
33.8%
Paraguay
33.4%
Taiwan
31%
Timor-Leste
23.7%
Brunei
17.3%
Somalia
13.9%

You're not logged in!

Compare scores with friends on all Sporcle quizzes.
OR
Log In

You Might Also Like...

Show Comments

Extras

Top Quizzes Today


Score Distribution

Your Account Isn't Verified!

In order to create a playlist on Sporcle, you need to verify the email address you used during registration. Go to your Sporcle Settings to finish the process.

Report this User

Report this user for behavior that violates our Community Guidelines.

Details: